000 00467cam a2200169ua 4500
041 _aeng
_h
082 _a822
_bBOA/FR
100 _aBoas, Frederick S .
245 _aFive shakespearean comedies /
_cFrederick S Boas.
_hTextual Documents
260 _aLondon :
_bOxford University Press ,
_c1961.
300 _a343 ; .
440 0 _aThe World`s Classics,
_v418
_x;
490 0 _aThe World`s Classics,
_v418
_x;
504 _a
942 _cBK
999 _c5223
_d5223